Development and acceptability of module in massage therapy / (Record no. 80441)

MARC details
000 -LEADER
fixed length control field 01832nam a22003017a 4500
003 - CONTROL NUMBER IDENTIFIER
control field URS
005 - DATE AND TIME OF LATEST TRANSACTION
control field 20240606211122.0
008 - FIXED-LENGTH DATA ELEMENTS--GENERAL INFORMATION
fixed length control field 240514b |||||||| |||| 00| 0 eng d
050 ## - LIBRARY OF CONGRESS CALL NUMBER
Classification number BEED
Item number D539 2014
100 1# - MAIN ENTRY--PERSONAL NAME
Personal name Diaz, Ma. Arsie G.,
Relator term researcher.
245 10 - TITLE STATEMENT
Title Development and acceptability of module in massage therapy /
Statement of responsibility, etc. Ma. Arsie G. Diaz, Gemmalyn S. Valiente, Marivic A. Vidanes.
260 #1 - PUBLICATION, DISTRIBUTION, ETC.
Date of publication, distribution, etc. [2014]
300 ## - PHYSICAL DESCRIPTION
Extent xi, 53 leaves :
Other physical details color illustrations ;
Dimensions 28 cm
336 ## - CONTENT TYPE
Source rdacontent
Content type term text
337 ## - MEDIA TYPE
Source rdamedia
Media type term unmediated
338 ## - CARRIER TYPE
Source rdacarrier
Carrier type term volume
500 ## - GENERAL NOTE
General note Undergraduate thesis (Elementary Education) - University of Rizal System, Cainta 2014
504 ## - BIBLIOGRAPHY, ETC. NOTE
Bibliography, etc. note Includes bibliographical references.
520 ## - SUMMARY, ETC.
Summary, etc. "The study focused on the development and acceptability of module for massage therapy. The study was conducted at University of Rizal System Cainta Campus during the School Year 2014-2015. The respondents of the study were the 5 teachers, 5 parents, 5 physical therapists, and 5 occupational therapists. The respondents were chosen because they have the expertise in evaluating the developed module for massage therapy." -- Abstract
524 ## - PREFERRED CITATION OF DESCRIBED MATERIALS NOTE
Preferred citation of described materials note Diaz, M. A. G., Valiente, G. S. & Vidanes, M. A. (2014). Development and acceptability of module in massage therapy. University of Rizal System.
546 ## - LANGUAGE NOTE
Language note In English text.
650 #0 - SUBJECT ADDED ENTRY--TOPICAL TERM
Topical term or geographic name entry element Elementary Education
Form subdivision Thesis, Academic.
700 1# - ADDED ENTRY--PERSONAL NAME
Personal name Valiente, Gemmalyn S.,
Relator term researcher.
700 1# - ADDED ENTRY--PERSONAL NAME
Personal name Vidanes, Marivic A.,
Relator term researcher.
856 ## - ELECTRONIC LOCATION AND ACCESS
Materials specified Online Request for Student Unpublished Works
Uniform Resource Identifier <a href="https://docs.google.com/forms/d/e/1FAIpQLSdtj_eCncT3hgTIbOB8g-3uMYPTK14UGxs8cj-GqWFJPmnTLA/viewform">https://docs.google.com/forms/d/e/1FAIpQLSdtj_eCncT3hgTIbOB8g-3uMYPTK14UGxs8cj-GqWFJPmnTLA/viewform</a>
856 ## - ELECTRONIC LOCATION AND ACCESS
Materials specified Click here to access online
Uniform Resource Identifier <a href="https://drive.google.com/file/d/1ffoGAzEtN2vciV3ZRXoC_bBJzRECmx1A/view?usp=sharing">https://drive.google.com/file/d/1ffoGAzEtN2vciV3ZRXoC_bBJzRECmx1A/view?usp=sharing</a>
942 ## - ADDED ENTRY ELEMENTS (KOHA)
Source of classification or shelving scheme Library of Congress Classification
Koha item type Theses and dissertations
Holdings
Withdrawn status Source of classification or shelving scheme Damaged status Not for loan Collection code Home library Current library Shelving location Date acquired Source of acquisition Total Checkouts Full call number Barcode Date last seen Copy number Price effective from Koha item type
  Library of Congress Classification     Non-fiction Cainta College Library Cainta College Library Undergraduate Theses 05/14/2024 Donation   BEED D539 2014 URSCAI-UGT0410 05/14/2024 c.1 05/14/2024 Theses and dissertations

University of Rizal System
Email us at univlibservices@urs.edu.ph

Visit our Website www.urs.edu.ph/library